000 01983nam a2200277Ia 4500
999 _c55223
_d55223
001 22298
003 GE_BSU
005 20221221161013.0
008 181216s2018||||ge |||||||||||||| ||geo||
040 _cGE_BSU
041 _ageo
080 _a59 წ-37
100 _aწეროძე, ტარიელ.
_910717
245 _aშავი ზღვისა და პაციფიკის აფალინების ეკოლოგია, კონსერვაცია და რეაბილიტაცია ბუნებრივ და ნოოგენურ გარემოში /
_cტარიელ წეროძე; სამეცნიერო ხელმძღვანელი მარინე თედიაშვილი., რეზო გორაძე; ბათუმის შოთა რუსთაველის სახელმწიფო უნივერსიტეტი.
264 _aბათუმი,
_c2018.
300 _a137გვ. ;
_b30 სმ.
504 _aბიბლ.გვ.124-137
653 _aბიოლოგია
653 _aდისერტაცია
653 _aზოოლოგია-ჰიდრობიოლოგია
653 _aშავი ზღვისა და პაციფიკის აფალინების ეკოლოგია, კონსერვაცია და რეაბილიტაცია ბუნებრივ და ნოოგენურ გარემოში
700 _aთედიაშვილი, მარინე
_eსამეცნიერო ხელმძღვანელი
_910718
700 _aგორაძე, რეზო
_eსამეცნიერო ხელმძღვანელი
_910719
710 _aბათუმის შოთა რუსთაველის სახელმწიფო უნივერსიტეტი
_911851
942 _cDS
_2udc